|
|
|
|
| LEADER |
01515cam a2200397 7i4500 |
| 001 |
0000070578 |
| 005 |
20250313090000.0 |
| 008 |
220921t20212021my a g o000 0 may d |
| 022 |
# |
# |
|a 2773-4889
|
| 040 |
# |
# |
|a SRWK
|
| 082 |
0 |
4 |
|a 351.595
|
| 090 |
0 |
0 |
|a INT 351.595
|b TIN
|
| 245 |
0 |
0 |
|a TINTA INTAN :
|b Koleksi Artikel Akhbar:Edisi 2022.
|
| 250 |
# |
# |
|a Edisi 2022.
|
| 264 |
# |
4 |
|c ♭2022
|
| 264 |
# |
1 |
|a Kuala Lumpur
|b Institut Tadbiran Awam Negara (INTAN)
|c [2022]
|
| 300 |
# |
# |
|a 59 pages:
|b colour illustrations, colour photographs;
|c 21 cm.
|
| 336 |
# |
# |
|a text
|2 rdacontent
|
| 337 |
# |
# |
|a unmediated
|2 rdamedia
|
| 338 |
# |
# |
|a volume
|2 rdacarrier
|
| 583 |
# |
# |
|a LULUS
|
| 650 |
1 |
0 |
|a Public administration --
|z Malaysia
|
| 650 |
2 |
0 |
|a Government publications --
|z Malaysia
|
| 650 |
2 |
0 |
|a Civil service --
|z Malaysia
|
| 651 |
# |
0 |
|a Malaysia --
|x Politics and government
|
| 710 |
0 |
# |
|a Malaysia
|
| 710 |
0 |
# |
|a Institut Tadbiran Awam Negara (INTAN)
|
| 997 |
# |
# |
|a SRWK
|
| 998 |
# |
# |
|a 7000001841 7000001844 7000001845
|
| 999 |
|
|
|a 1000073424
|b BOOK
|c INTAN PUBLICATION
|e BK- Koleksi INTAN - Aras 1
|
| 999 |
|
|
|a 5000001587
|b BOOK
|c Main Non-Fiction
|e INTAN Kampus Wilayah Utara
|
| 999 |
|
|
|a 5000001588
|b BOOK
|c Main Non-Fiction
|e INTAN Kampus Wilayah Utara
|
| 999 |
|
|
|a 5000001589
|b BOOK
|c Main Non-Fiction
|e INTAN Kampus Wilayah Utara
|
| 999 |
|
|
|a 7000000715
|b BOOK
|c Main Non-Fiction
|e INTAN Sarawak
|
| 999 |
|
|
|a 7000000716
|b BOOK
|c Main Non-Fiction
|e INTAN Sarawak
|
| 999 |
|
|
|a 7000000717
|b BOOK
|c Main Non-Fiction
|e INTAN Sarawak
|